[Event "San Francisco TNM Spring op"]
[Site "San Francisco"]
[Date "2014.04.08"]
[Round "4"]
[White "Yamamoto, Craig"]
[Black "Afkham Ebrahimi, Payam"]
[Result "0-1"]
[WhiteElo "1500"]
[BlackElo "1897"]
[PlyCount "74"]
[EventDate "2014.03.18"]
[EventType "swiss"]
[EventRounds "8"]
[EventCountry "USA"]
[SourceTitle "EXT 2016"]
[Source "ChessBase"]
[SourceDate "2015.10.08"]
[SourceVersion "1"]
[SourceVersionDate "2015.10.08"]
[SourceQuality "1"]

1. e4 d6 2. d4 g6 3. Bc4 Nf6 4. f3 Bg7 5. Ne2 0-0 6. c3 Nc6 7. 0-0 h5 8. Be3 h4 9. Qd2 Kh7 10. Na3 d5 11. Bd3 h3 12. g3 e5 13. Nc2 dxe4 14. fxe4 Ng4 15. d5 Nxe3 16. Nxe3 Ne7 17. c4 Bh6 18. Nc3 Ng8 19. Qe2 Qg5 20. Ncd1 Nf6 21. Rf3 Bg4 22. Nxg4 Nxg4 23. Qf1 f5 24. exf5 Kg7 25. Qe2 gxf5 26. Bc2 Rae8 27. a4 e4 28. Rc3 Ne5 29. Kh1 Nf3 30. Qf2 e3 31. Qxf3 e2 32. Ne3 Rxe3 33. Rxe3 Qxe3 34. Qxe3 Bxe3 35. Re1 f4 36. Rxe2 f3 37. Re1 f2 0-1

[Event "San Francisco TNM Spring op"]
[Site "San Francisco"]
[Date "2014.04.01"]
[Round "3"]
[White "Standen, Julian"]
[Black "Afkham Ebrahimi, Payam"]
[Result "1/2-1/2"]
[WhiteElo "1637"]
[BlackElo "1897"]
[PlyCount "115"]
[EventDate "2014.03.18"]
[EventType "swiss"]
[EventRounds "8"]
[EventCountry "USA"]
[SourceTitle "EXT 2016"]
[Source "ChessBase"]
[SourceDate "2015.10.08"]
[SourceVersion "1"]
[SourceVersionDate "2015.10.08"]
[SourceQuality "1"]

1. d4 d5 2. Nf3 Bf5 3. e3 e6 4. Bd3 Bg4 5. c4 Bxf3 6. Qxf3 c6 7. Nc3 Nf6 8. 0-0 Bd6 9. Bd2 Nbd7 10. cxd5 cxd5 11. Rac1 h5 12. Nb5 Bb8 13. Bb4 Nb6 14. Rfd1 a6 15. Nc3 g5 16. e4 g4 17. Qe2 g3 18. h3 Bf4 19. Rc2 h4 20. f3 Rc8 21. exd5 Nbxd5 22. Nxd5 Nxd5 23. Bd2 Bd6 24. Rdc1 Rxc2 25. Rxc2 Kd7 26. Kf1 f5 27. Bc4 Re8 28. Bxd5 exd5 29. Qd3 Qf6 30. Bc3 Rc8 31. b3 Bf4 32. Re2 Bc1 33. Rc2 Ba3 34. Re2 Bd6 35. Rc2 b5 36. Re2 Kc6 37. Rc2 Kb7 38. Re2 Kb6 39. Qd2 Rc6 40. Qe1 Bf4 41. Ba5+ Kb7 42. Re7+ Bc7 43. Rxc7+ Rxc7 44. Bxc7 Kxc7 45. Qc3+ Kb7 46. Ke2 f4 47. Qd3 Qe7+ 48. Kd2 Kb6 49. Kd1 Qf6 50. b4 Qc6 51. a3 a5 52. Qc2 Qe6 53. Qc5+ Ka6 54. Qc3 Kb7 55. Kd2 axb4 56. axb4 Qa6 57. Qc5 Qa2+ 58. Kd1 1/2-1/2

[Event "San Francisco TNM Spring op"]
[Site "San Francisco"]
[Date "2014.03.18"]
[Round "1"]
[White "Gomboluudev, Enkhjin C"]
[Black "Afkham Ebrahimi, Payam"]
[Result "0-1"]
[WhiteElo "1265"]
[BlackElo "1897"]
[PlyCount "54"]
[EventDate "2014.03.18"]
[EventType "swiss"]
[EventRounds "8"]
[EventCountry "USA"]
[SourceTitle "EXT 2016"]
[Source "ChessBase"]
[SourceDate "2015.10.08"]
[SourceVersion "1"]
[SourceVersionDate "2015.10.08"]
[SourceQuality "1"]

1. e4 c5 2. Nf3 e6 3. d4 cxd4 4. Nxd4 Nc6 5. Nc3 a6 6. Be3 Bb4 7. Nxc6 bxc6 8. Bd4 Nf6 9. a3 Be7 10. Bd3 0-0 11. 0-0 c5 12. Be3 d5 13. e5 Nd7 14. f4 d4 15. Be4 Rb8 16. Bd2 f5 17. Bf3 Rxb2 18. Na4 Rb8 19. Qe1 c4 20. Ba5 Qe8 21. Bc7 Rb7 22. Bxb7 Bxb7 23. Qd2 Qg6 24. Rf2 Bc6 25. Nb6 Nc5 26. Qxd4 Ne4 27. Rf3 Bc5 0-1

[Event "San Francisco TNM Spring op"]
[Site "San Francisco"]
[Date "2012.04.10"]
[Round "5"]
[White "Afkham Ebrahimi, Payam"]
[Black "Sherwood, Peter"]
[Result "1-0"]
[WhiteElo "1886"]
[BlackElo "1727"]
[PlyCount "73"]
[EventDate "2012.03.13"]
[EventType "swiss"]
[EventRounds "8"]
[EventCountry "USA"]
[SourceTitle "EXT 2014"]
[Source "ChessBase"]
[SourceDate "2013.11.20"]
[SourceVersion "1"]
[SourceVersionDate "2013.11.20"]
[SourceQuality "1"]

1. c4 e5 2. Nc3 Nf6 3. g3 c5 4. Bg2 Nc6 5. Nf3 Be7 6. 0-0 0-0 7. Rb1 d6 8. d3 h6 9. Ne1 Re8 10. f4 Rb8 11. f5 Nd4 12. e4 b5 13. Nc2 bxc4 14. dxc4 Ba6 15. Ne3 Bb7 16. b3 Bc6 17. Rb2 Qd7 18. Rbf2 Qb7 19. Ncd5 Bxd5 20. exd5 Qd7 21. Ng4 Kh7 22. Nxf6+ Bxf6 23. Be4 Kh8 24. Qh5 Qd8 25. g4 Rb7 26. g5 Bxg5 27. f6 Bxc1 28. Rxc1 Rg8 29. Kh1 Qf8 30. Rc3 g6 31. Qh4 Kh7 32. Rh3 a5 33. Rg2 a4 34. Rg5 Rh8 35. Qh5 Rg8 36. Qxh6+ Qxh6 37. Rgh5 1-0

[Event "San Francisco TNM Spring op"]
[Site "San Francisco"]
[Date "2012.03.20"]
[Round "2"]
[White "Afkham Ebrahimi, Payam"]
[Black "Margulis, Igor"]
[Result "0-1"]
[WhiteElo "1886"]
[BlackElo "2100"]
[PlyCount "46"]
[EventDate "2012.03.13"]
[EventType "swiss"]
[EventRounds "8"]
[EventCountry "USA"]
[SourceTitle "EXT 2014"]
[Source "ChessBase"]
[SourceDate "2013.11.20"]
[SourceVersion "1"]
[SourceVersionDate "2013.11.20"]
[SourceQuality "1"]

1. Nf3 d6 2. d4 g6 3. g3 Bg7 4. Bg2 Nf6 5. 0-0 0-0 6. c4 c5 7. Nc3 Bg4 8. dxc5 dxc5 9. Ne5 Bc8 10. Be3 Qa5 11. Qb3 Na6 12. Rad1 Rb8 13. f4 Ng4 14. Nxg4 Bxg4 15. Nd5 Bxe2 16. Bd2 Bxd1 17. Rxd1 Qd8 18. f5 e5 19. Bg5 Qxg5 20. f6 Bh6 21. Qf3 Nb4 22. Ne7+ Kh8 23. Re1 Nc2 0-1

[Event "San Francisco TNM Summer op"]
[Site "San Francisco"]
[Date "2010.06.22"]
[Round "5"]
[White "Afkham Ebrahimi, Payam"]
[Black "Mar, Henry"]
[Result "1-0"]
[WhiteElo "1894"]
[BlackElo "1632"]
[PlyCount "61"]
[EventDate "2010.05.25"]
[EventType "swiss"]
[EventRounds "8"]
[EventCountry "USA"]
[SourceTitle "EXT 2012"]
[Source "ChessBase"]
[SourceDate "2011.11.24"]
[SourceVersion "1"]
[SourceVersionDate "2011.11.24"]
[SourceQuality "1"]

1. e4 c5 2. f4 d6 3. Nf3 Bg4 4. Bc4 e6 5. 0-0 Nc6 6. f5 Qd7 7. fxe6 fxe6 8. c3 0-0-0 9. Qa4 Bxf3 10. Rxf3 Nf6 11. d4 d5 12. exd5 exd5 13. Bd3 Ne4 14. Nd2 Re8 15. Nf1 Kb8 16. Be3 Bd6 17. dxc5 Bxc5 18. Rd1 Ne5 19. Qxd7 Nxd7 20. Bxe4 dxe4 21. Rxd7 exf3 22. Bxc5 fxg2 23. Ne3 b6 24. Bd6+ Ka8 25. Nd5 Re1+ 26. Kxg2 Re2+ 27. Kf3 Rxb2 28. Nc7+ Kb7 29. Rxg7 Rxa2 30. Nb5+ Kc6 31. c4 1-0

[Event "San Francisco TNM Fall op"]
[Site "San Francisco"]
[Date "2009.12.01"]
[Round "7"]
[White "Afkham Ebrahimi, Payam"]
[Black "Traub, Igor Vladimirovich"]
[Result "0-1"]
[WhiteElo "1913"]
[BlackElo "2074"]
[PlyCount "48"]
[EventDate "2009.10.20"]
[EventType "swiss"]
[EventRounds "9"]
[EventCountry "USA"]
[SourceTitle "EXT 2012"]
[Source "ChessBase"]
[SourceDate "2011.11.24"]
[SourceVersion "1"]
[SourceVersionDate "2011.11.24"]
[SourceQuality "1"]

1. c4 g6 2. Nc3 Bg7 3. d4 d6 4. e4 Nd7 5. f4 c5 6. d5 Nh6 7. Nf3 a6 8. Bd3 0-0 9. 0-0 e6 10. Qe1 exd5 11. Nxd5 f5 12. exf5 Nxf5 13. Bxf5 gxf5 14. Qe6+ Kh8 15. Qxd6 Nf6 16. Qxc5 Ne4 17. Qe3 Be6 18. Nb6 Rb8 19. Ne5 Qd6 20. b3 Bxe5 21. fxe5 Qxe5 22. Ba3 f4 23. Bb2 Qxb2 24. Qxe4 f3 0-1

[Event "San Francisco TNM Fall op"]
[Site "San Francisco"]
[Date "2009.10.20"]
[Round "1"]
[White "Afkham Ebrahimi, Payam"]
[Black "Morgan, Jerry"]
[Result "1-0"]
[WhiteElo "1913"]
[BlackElo "1481"]
[PlyCount "53"]
[EventDate "2009.10.20"]
[EventType "swiss"]
[EventRounds "9"]
[EventCountry "USA"]
[SourceTitle "EXT 2012"]
[Source "ChessBase"]
[SourceDate "2011.11.24"]
[SourceVersion "1"]
[SourceVersionDate "2011.11.24"]
[SourceQuality "1"]

1. e4 c6 2. Nc3 d5 3. d4 dxe4 4. Nxe4 Bf5 5. Ng3 Bg6 6. h4 h6 7. Nf3 Nd7 8. h5 Bh7 9. Bd3 Bxd3 10. Qxd3 e6 11. Bf4 Qa5+ 12. c3 Ngf6 13. b4 Qd8 14. 0-0 Nb6 15. Ne5 Nbd5 16. Bd2 Qc7 17. Ne4 Bd6 18. Nxd6+ Qxd6 19. c4 Ne7 20. c5 Qd5 21. Z0 b6 22. cxb6 axb6 23. a4 Nf5 24. Rfe1 0-0 25. Bc3 Nh4 26. Re4 Nxg2 27. Rg4 1-0

[Event "San Francisco TNM Max Wilkerson op"]
[Site "San Francisco"]
[Date "2009.09.29"]
[Round "9"]
[White "Salvo, Tab"]
[Black "Afkham Ebrahimi, Payam"]
[Result "1/2-1/2"]
[WhiteElo "1698"]
[BlackElo "1838"]
[PlyCount "88"]
[EventDate "2009.08.03"]
[EventType "swiss"]
[EventRounds "9"]
[EventCountry "USA"]
[SourceTitle "EXT 2012"]
[Source "ChessBase"]
[SourceDate "2011.11.24"]
[SourceVersion "1"]
[SourceVersionDate "2011.11.24"]
[SourceQuality "1"]

1. Nf3 Nf6 2. c4 d6 3. g3 e5 4. d3 g6 5. e4 Bg7 6. Bg2 0-0 7. 0-0 Nc6 8. h3 Be6 9. Be3 Qd7 10. Ng5 Nd4 11. Nxe6 fxe6 12. Nd2 c5 13. Nf3 Rf7 14. Qd2 Raf8 15. Nh2 a6 16. Bh6 b5 17. Bxg7 Kxg7 18. b3 b4 19. Rae1 a5 20. Ra1 a4 21. Qd1 Ra8 22. Nf3 Nxf3+ 23. Bxf3 Ng8 24. Bg2 Ne7 25. h4 Nc6 26. Bh3 Nd4 27. Kg2 axb3 28. axb3 Rxa1 29. Qxa1 Nxb3 30. Qb2 Nd4 31. Ra1 Qd8 32. Bg4 Qf6 33. Ra6 Qd8 34. Bd1 Qf8 35. h5 b3 36. Qd2 Qb8 37. h6+ Kg8 38. Qa5 b2 39. Rb6 b1Q 40. Rxb1 Qxb1 41. Qd8+ Rf8 42. Qe7 Rf7 43. Qd8+ Rf8 44. Qe7 Rf7 1/2-1/2

[Event "San Francisco TNM Summer op"]
[Site "San Francisco"]
[Date "2009.06.30"]
[Round "6"]
[White "Lara, Jaime"]
[Black "Afkham Ebrahimi, Payam"]
[Result "0-1"]
[WhiteElo "1670"]
[BlackElo "1772"]
[PlyCount "98"]
[EventDate "2009.05.26"]
[EventType "swiss"]
[EventRounds "8"]
[EventCountry "USA"]
[SourceTitle "EXT 2012"]
[Source "ChessBase"]
[SourceDate "2011.11.24"]
[SourceVersion "1"]
[SourceVersionDate "2011.11.24"]
[SourceQuality "1"]

1. Nc3 c6 2. Nf3 d5 3. d4 Nf6 4. g3 Ne4 5. Bg2 Qa5 6. Bd2 Nxd2 7. Qxd2 g6 8. 0-0 Bg7 9. a3 0-0 10. b4 Qc7 11. Rac1 Nd7 12. Na4 Nf6 13. Ne5 Ne4 14. Qe3 f6 15. Nd3 Nd6 16. Nab2 Nf5 17. Qd2 Nxd4 18. Rfe1 f5 19. e3 Nb5 20. c4 dxc4 21. Nxc4 e5 22. a4 Nd6 23. Na5 Be6 24. b5 Rad8 25. Qb4 Ne4 26. Bxe4 fxe4 27. Nc5 Bh3 28. Qxe4 Qxa5 29. Nxb7 Qd2 30. Qc4+ Kh8 31. Qe2 Qb4 32. Nxd8 Rxd8 33. Qc4 Qf8 34. Qe2 Rd2 35. Qxd2 Qf3 36. Qd8+ Bf8 37. Qxf8+ Qxf8 38. f4 cxb5 39. axb5 Qb4 40. Re2 Qxb5 41. Kf2 e4 42. Rd2 Qh5 43. Rd8+ Kg7 44. Rc7+ Kh6 45. Rh8 Qf3+ 46. Ke1 Qxe3+ 47. Kd1 Qd3+ 48. Kc1 Qa3+ 49. Kc2 Qa2+ 0-1

[Event "San Francisco TNM Spring op"]
[Site "San Francisco"]
[Date "2009.04.14"]
[Round "5"]
[White "Afkham Ebrahimi, Payam"]
[Black "Cole, Tony"]
[Result "1-0"]
[WhiteElo "1836"]
[BlackElo "1413"]
[PlyCount "87"]
[EventDate "2009.03.16"]
[EventType "swiss"]
[EventRounds "8"]
[EventCountry "USA"]
[SourceTitle "EXT 2012"]
[Source "ChessBase"]
[SourceDate "2011.11.24"]
[SourceVersion "1"]
[SourceVersionDate "2011.11.24"]
[SourceQuality "1"]

1. c4 d5 2. cxd5 Qxd5 3. Nc3 Qa5 4. g3 Nc6 5. Bg2 Bd7 6. Nf3 Nf6 7. 0-0 0-0-0 8. d4 Bg4 9. e3 e5 10. Qc2 Nb4 11. Qb3 e4 12. Ne5 Be6 13. Qd1 Bd6 14. f4 exf3 15. Nxf3 Bg4 16. a3 g5 17. Bd2 Nbd5 18. Qb3 Qb6 19. Qxb6 Nxb6 20. Nxg5 Rdf8 21. Rxf6 Be7 22. Rf4 Nc4 23. Bc1 f5 24. Nh3 Bd6 25. Rf1 h5 26. b3 Nb6 27. Nb5 Be7 28. Nf4 a6 29. Nc3 Rh7 30. h3 Bxh3 31. Bxh3 h4 32. Ng6 Rg8 33. Nxe7+ Rxe7 34. Bxf5+ Kb8 35. g4 h3 36. e4 Rh8 37. Bf4 Nd7 38. Nd5 Rf7 39. Nxc7 Ka7 40. e5 Nb8 41. e6 Re7 42. d5 Kb6 43. Rac1 a5 44. Be3# 1-0

[Event "San Francisco TNM Spring op"]
[Site "San Francisco"]
[Date "2009.03.31"]
[Round "3"]
[White "MacIntyre, Brendan"]
[Black "Afkham Ebrahimi, Payam"]
[Result "1-0"]
[WhiteElo "1642"]
[BlackElo "1836"]
[PlyCount "47"]
[EventDate "2009.03.16"]
[EventType "swiss"]
[EventRounds "8"]
[EventCountry "USA"]
[SourceTitle "EXT 2012"]
[Source "ChessBase"]
[SourceDate "2011.11.24"]
[SourceVersion "1"]
[SourceVersionDate "2011.11.24"]
[SourceQuality "1"]

1. d4 d5 2. c4 c6 3. Nc3 dxc4 4. Nf3 Nf6 5. g3 Bg4 6. Bg2 e6 7. 0-0 b5 8. Ne5 Qb6 9. Bg5 h5 10. a4 Nd5 11. axb5 f6 12. Ng6 fxg5 13. Nxh8 Ne7 14. Qd2 Nd7 15. Qxg5 Nf6 16. Ra6 Qd8 17. bxc6 Rc8 18. Qb5 Rc7 19. Qxc4 g5 20. Nb5 Bg7 21. Nxc7+ Qxc7 22. Qc5 Bxh8 23. Rxa7 Qd8 24. c7 1-0

[Event "San Francisco TNM Spring op"]
[Site "San Francisco"]
[Date "2009.03.17"]
[Round "2"]
[White "Nelson, Christopher"]
[Black "Afkham Ebrahimi, Payam"]
[Result "0-1"]
[WhiteElo "1420"]
[BlackElo "1836"]
[PlyCount "68"]
[EventDate "2009.03.16"]
[EventType "swiss"]
[EventRounds "8"]
[EventCountry "USA"]
[SourceTitle "EXT 2012"]
[Source "ChessBase"]
[SourceDate "2011.11.24"]
[SourceVersion "1"]
[SourceVersionDate "2011.11.24"]
[SourceQuality "1"]

1. d4 c6 2. Nf3 d5 3. Bf4 Qb6 4. Qc1 Nf6 5. e3 Bg4 6. Nbd2 Nbd7 7. c4 Bxf3 8. c5 Qa5 9. gxf3 Nh5 10. Bg3 e5 11. Bh3 Nxg3 12. Bxd7+ Kxd7 13. fxg3 exd4 14. exd4 Re8+ 15. Kf2 g6 16. Nb3 Qd8 17. Qf4 Re6 18. Qxf7+ Re7 19. Qf4 Kc8 20. Rhe1 Rd7 21. Re3 h5 22. Qe5 Bg7 23. Qe6 h4 24. Qxg6 hxg3+ 25. hxg3 Rh6 26. Qg4 Qh8 27. Re7 Rh2+ 28. Ke3 Qd8 29. Rxg7 Qe8+ 30. Kd3 Qe2+ 31. Kc3 Qxb2+ 32. Kb4 a5+ 33. Ka4 Qxa2+ 34. Rxa2 Rxa2# 0-1

[Event "San Francisco TNM Fall op"]
[Site "San Francisco"]
[Date "2008.11.25"]
[Round "7"]
[White "MacIntyre, Brendan"]
[Black "Afkham Ebrahimi, Payam"]
[Result "0-1"]
[WhiteElo "1636"]
[BlackElo "1903"]
[PlyCount "60"]
[EventDate "2008.10.14"]
[EventType "swiss"]
[EventRounds "10"]
[EventCountry "USA"]
[SourceTitle "EXT 2012"]
[Source "ChessBase"]
[SourceDate "2011.11.24"]
[SourceVersion "1"]
[SourceVersionDate "2011.11.24"]
[SourceQuality "1"]

1. d4 g6 2. e4 Bg7 3. Nf3 d6 4. Be2 Nf6 5. Nc3 0-0 6. 0-0 Nbd7 7. Bf4 c5 8. d5 Nh5 9. Be3 f5 10. Ng5 Ndf6 11. Bxh5 Nxh5 12. Rb1 f4 13. Bc1 Rf6 14. g4 fxg3 15. fxg3 Qf8 16. Rxf6 Qxf6 17. Be3 Bh6 18. Qd2 Bg4 19. Nxh7 Bxe3+ 20. Qxe3 Kxh7 21. Rf1 Qg7 22. Kg2 Rf8 23. Rxf8 Qxf8 24. h3 Bd7 25. Ne2 Qf6 26. b3 e5 27. c3 g5 28. a3 Qh6 29. Qf3 Bxh3+ 30. Kxh3 Nf4+ 0-1

[Event "San Francisco TNM Fall op"]
[Site "San Francisco"]
[Date "2008.10.14"]
[Round "1"]
[White "Hilliard, Michael"]
[Black "Afkham Ebrahimi, Payam"]
[Result "1-0"]
[WhiteElo "1473"]
[BlackElo "1903"]
[PlyCount "101"]
[EventDate "2008.10.14"]
[EventType "swiss"]
[EventRounds "10"]
[EventCountry "USA"]
[SourceTitle "EXT 2012"]
[Source "ChessBase"]
[SourceDate "2011.11.24"]
[SourceVersion "1"]
[SourceVersionDate "2011.11.24"]
[SourceQuality "1"]

1. d4 Nf6 2. Nf3 g6 3. c4 Bg7 4. Nc3 0-0 5. e4 d6 6. Be2 Nbd7 7. 0-0 c5 8. d5 Nb6 9. b3 Nxe4 10. Nxe4 Bxa1 11. Bh6 Bg7 12. Qd2 Nd7 13. h3 f5 14. Bxg7 Kxg7 15. Neg5 Nf6 16. Ne1 h6 17. Ngf3 a5 18. a4 Qb6 19. Qc3 Qb4 20. Qe3 f4 21. Qd3 Bf5 22. Qd1 Qc3 23. Nd3 g5 24. Re1 Rfe8 25. Qb1 e5 26. Rc1 Bxd3 27. Bxd3 Qb4 28. Bg6 e4 29. Bxe8 Rxe8 30. Ne1 Qd2 31. Rc2 Qd4 32. Re2 h5 33. Qc1 Re5 34. Rd2 e3 35. Rxd4 cxd4 36. Nf3 Re4 37. Nxg5 d3 38. Nxe4 Nxe4 39. fxe3 d2 40. Qa1+ Kg8 41. exf4 Nc3 42. Qxc3 d1Q+ 43. Kh2 h4 44. Qe3 Kf8 45. f5 Qa1 46. Qe6 Qg7 47. Qxd6+ Ke8 48. Qb8+ Kf7 49. Qxb7+ Kf6 50. Qxg7+ Kxg7 51. g4 1-0